| 000 | 01435nam a2200277 i 4500 | ||
|---|---|---|---|
| 001 | 40199 | ||
| 003 | ES-MaACL | ||
| 005 | 20250928124029.0 | ||
| 007 | t| | ||
| 008 | 030305s1801 sp f |||| | spa d | ||
| 080 | _a929 Pepe-Hillo | ||
| 080 | _a793.23 | ||
| 245 | 0 | 0 | _aCopia de carta en que un amigo refiere a otro con exactitud el hecho, con sus antecedentes y conseqüentes [sic], relativo a la muerte del memorable lidiador Joseph Delgado, renombrado Hillo, causada por el séptimo toro de las corridas en la Plaza de Madrid la tarde del 11 de mayo de 1801... |
| 260 |
_aBarcelona : _bse hallará ... en la Librería de Sastres ; _aen Madrid : _ben la de Hurtado ..., _c1801. |
||
| 300 |
_aXVI p., [1] h. de lám., [1] h. pleg. de lám. ; _c15 cm. |
||
| 500 | _aSegún Palau (61470), "el autor se dice que fue D. José de la Tijera" | ||
| 530 | _aDisponible en formato digital. | ||
| 599 | _aLám.: grabado calcográfico, "Muerte desgraciada de Josef Delgado (Hillo) día 11 de mayo de 1801" | ||
| 599 | _aHoja pleg. de lám.: grabado calcográfico, representado la cogida, "Dib. y grab. por Cobo" | ||
| 600 | 1 | 7 |
_aPepe-Hillo, _d1754-1801 _2 _9161490 |
| 650 | 4 |
_aCorridas de toros. _911370 |
|
| 700 | 1 |
_aTixera, José de la. _9110247 |
|
| 852 | 4 |
_aES-MaACL _jR-3018 _x Olim:T-131-F-3 |
|
| 856 | 4 |
_uhttp://bdh-rd.bne.es/viewer.vm?id=0000092751&page=1 _zBiblioteca Digital Hispánica |
|
| 999 |
_c40199 _d40199 |
||